000 00258 a2200109 4500
001 3158
082 _a629.1325 ROB
090 _c2439
_d2439
100 _aRobinson
245 _aFlying the world great aircraft
260 _aHong Kong
_bCrescent Book
_c1979
942 _aNUST-CAE
_k629.1325 ROB
999 _c238231
_d238231